LEADER 00685nac# 22001811i 450 001 UON00530375 005 20260126102611.413 100 $a20260126f |0itac50 ba 102 $aUS 105 $a|||| ||||| 110 $ab|||||||||| 200 1 $aAI$ePearson series in artificial intelligence 210 $aHoboken$cPearson 463 1$1001UON00530198$12001 $aArtificial intelligence$ea modern approach$fStuart J. Russell and Peter Norvig$gcontributing writers: Ming-Wei Chang ... [et al.]$1205 $a4. ed$bglobal ed$1210 $aHoboken$cPearson$d2022$1215 $aXVII, 1115 p.$cill.$d26 cm. 801 $aIT$bSOL$c20260130$gRICA 912 $aUON00530375 996 $aAI$91571547 997 $aUNIOR